Statistics for Countries that End in ANIA

Click here to take the quiz!

General Stats

  • This quiz has been taken 366 times
  • The average score is 3 of 5

Answer Stats

Country% Correct
Romania
71%
Albania
69%
Tanzania
68%
Lithuania
51%
Mauritania
46%

Score Distribution

Percentile by Number Answered

Percent of People with Each Score

Your Score History

You have not taken this quiz